Sau cơn bão Truyện phim

محفوظ في:
التفاصيل البيبلوغرافية
التنسيق: كتاب
اللغة:Undetermined
منشور في: Hà Nội Văn hóa 1977
الوسوم: إضافة وسم
لا توجد وسوم, كن أول من يضع وسما على هذه التسجيلة!
Thư viện lưu trữ: Trung tâm Học liệu Trường Đại học Cần Thơ
LEADER 00372nam a2200145Ia 4500
001 CTU_32430
008 210402s9999 xx 000 0 und d
082 |a 895.9228 
082 |b M513 
245 0 |a Sau cơn bão 
245 0 |b Truyện phim 
260 |a Hà Nội 
260 |b Văn hóa 
260 |c 1977 
980 |a Trung tâm Học liệu Trường Đại học Cần Thơ